Responses for Show #3081 - Monday, January 12, 1998

Contestants

[<< previous game]

Chris Marker, an airline pilot from New Fairfield, Connecticut

Paula Hyden, a bookseller originally from San Angelo, Texas

Bonnie Gluhanich, a homemaker from Muskegon, Michigan (whose 2-day cash winnings total $17,100)

[next game >>]

Jeopardy! Round responses

20th CENTURY AMERICA
BUSINESS & INDUSTRY
1981 MOVIES
TRAVEL & TOURISM
SLEEP
"SH"
    $100 26
July 4, 1976

Chris
    $100 1
San Francisco

Bonnie
    $100 24
Raiders of the Lost Ark

Chris
    $100 6
Dublin

Bonnie
    $100 12
Sleepwalking

Bonnie
    $100 16
Share

Chris
    $200 27
Richard Nixon

Chris
    $200 2
Tea salon

Chris
    $200 3
On Golden Pond

Chris
    $200 7
New Jersey

Chris
    $200 15
Dreams

Bonnie
    $200 17
Shorthand

Chris
    $300 28
"Li'l Abner"

Bonnie
    $300 11
Martha Stewart

Paula
    $300 4
Chariots of Fire

Chris
    $300 8
Jesse James

Chris
    $300 21
Interns/residents

Bonnie
    $300 18
Shawl

Chris
    $400 29
U.S. Air Force Academy

Chris
    $400 13
Dun & Bradstreet

Bonnie
    $400 5
(C: What is "The Rocky Horror Picture Show?")

Mommie Dearest

Chris
Triple Stumper
    $800 9
(C: What is Helsinki?)

Oslo, Norway

Chris
    $400 22
Breathing

Chris
    $400 19
Shale

Chris
    $500 30
Julius and Ethel Rosenberg

Chris
    $500 14
United Fruit Company

Chris
    $500 25
Reds

Chris
    $500 10
Florence

Chris
    $500 23
(B: What are biorhythms?)

Circadian rhythms

Bonnie
Triple Stumper
    $500 20
Shawnee

Chris

Scores at the first commercial break (after clue 14):

Bonnie Paula Chris
$700 $300 $1,000

Scores at the end of the Jeopardy! Round:

Bonnie Paula Chris
$1,000 $300 $4,700

Double Jeopardy! Round responses

FORMER CAPITALS
POTENT POTABLES
FAMOUS NAMES
COUNTRY SINGERS
CRITTERS
FIRST NOVELS
    $200 21
Detroit

Paula
    $200 15
Rum

Bonnie
    $200 6
Al Capone

Chris
    $200 22
Rosanne Cash

Chris
    $200 16
Fireflies

Paula
    $200 1
"Robinson Crusoe"

Chris
    $400 25
Texas

Chris
    $400 14
Gin & vermouth

Bonnie
    $400 7
Carl Sagan

Chris
    $400 23
Crystal Gayle

Paula
    $400 17
Ostrich

Paula
    $400 2
E.L. Doctorow

Chris
    $600 26
Charleston

Chris
    $600 13
Tequila Sunrise

Chris
    $600 8
William Randolph Hearst

Paula
    $600 24
(C: Who is Junior Walker?)

Hank Williams, Jr.

BonnieChris
    $600 18
mudpuppies

Triple Stumper
    $600 3
Joseph Conrad

Bonnie
    $1,000 27
(C: What is Flagstaff?)

Tucson

Chris
    $800 11
Barley

Chris
    $800 9
Lillian Hellman

Chris
    $800 29
Reba McEntire

Chris
    $800 19
walk on water

Bonnie
    $800 4
(C: Who was Follett?)

Graham Greene

BonnieChris
    $1000 28
Knoxville

Chris
    $1000 12
Curacao

Chris
    $2,000 10
(C: Who was Klimt?)

Erte

Chris
    $1000 30
(P: What is "Swing Blade?")

Sling Blade

BonniePaula
    $1000 20
Marmosets

Triple Stumper
    $1000 5
William Gibson

Paula

Scores at the end of the Double Jeopardy! Round:

Bonnie Paula Chris
$5,400 $2,100 $7,700

[wagering suggestions for these scores]

Final Jeopardy! Round responses

TV & MOVIE SETTINGS
PaulaWhat is Baltimore?
$2,100
BonnieWhat is Baltimore?
$1,000
ChrisWhat is Baltimore?
$3,201
Baltimore

Final scores:

Bonnie Paula Chris
$6,400 $4,200 $10,901
2nd place: Trip to Portugal 3rd place: Sony Power Cinema Package New champion: $10,901

Game dynamics:

Coryat scores:

Bonnie Paula Chris
$5,400 $2,100 $11,500
14 R,
1 W
7 R,
1 W
32 R,
6 W
(including 3 DDs)

Combined Coryat: $19,000

[game clues] [game scores] [suggest correction]

Game tape date: Unknown
The J! Archive is created by fans, for fans. Scraping, republication, monetization, and malicious use prohibited; this site may use cookies and collect identifying information. See terms. The Jeopardy! game show and all elements thereof, including but not limited to copyright and trademark thereto, are the property of Jeopardy Productions, Inc. and are protected under law. This website is not affiliated with, sponsored by, or operated by Jeopardy Productions, Inc. Join the discussion at JBoard.tv.